[Event "RUS-Cup03 Geller Memorial"]
[Site "Moscow"]
[Date "1999.02.08"]
[Round "7"]
[White "Kharitonov, Andrei Y"]
[Black "Bochkarev, Alexander"]
[Result "1-0"]
[WhiteElo "2562"]
[BlackElo "2457"]
[Annotator "Bangiev,A"]
[PlyCount "57"]
[EventDate "1999.02.10"]
[EventType "swiss"]
[EventRounds "9"]
[EventCountry "RUS"]
[SourceTitle "CBM 070"]
[Source "ChessBase"]
[SourceDate "1999.06.08"]
[SourceVersion "1"]
[SourceVersionDate "1999.06.08"]
[SourceQuality "1"]

1. d4 {Ftacnik} d5 2. Nf3 e6 3. g3 Nf6 4. Bg2 c5 5. O-O Be7 6. c4 O-O 7. cxd5
exd5 8. Nc3 Nc6 9. Bg5 cxd4 10. Nxd4 h6 11. Be3 Re8 12. Qc2 {[%cal Yc3d5,Yc2f5,
Yg2d5]} Bg4 13. h3 Bh5 $6 {[%mdl 16384] Ftacnik: 'The bishop faces the task of
deciding where to put his tired head. Activity along the b1-h7 diagonal is
fine, but then the d5 pawn becomes less well protected.' Dieser aktive Zug ist
nicht empfehlenswert. Man darf nicht in dieser Stellung den Punkten f5 bzw.d5
schwächen. Die übliche Fortsetzung ist 13...Be6} (13... Be6 $142 {[%cal Ye6d5,
Ye6f5]} 14. Rad1 Qd7 (14... Bf8 15. Nxc6 bxc6 16. Bd4 Nd7 17. e4 dxe4 18. Nxe4
Qa5 19. Nc3 Rac8 20. Be3 {1/2-1/2 Kharitonov,A-Sturua,Z/Vilnius 1984/(20)}) 15.
Kh2 (15. Nxe6 fxe6 16. f4 Rad8 17. Bf2 Qc7 18. e4 d4 19. Ne2 e5 20. fxe5 Qxe5
21. Nf4 $36 {1-0 Kharitonov,A- Malevinsky,A/Leningrad 1989/(38)}) 15... Rad8
16. f4 (16. Nxe6 fxe6 17. f4 Bf8 18. Bg1 Qf7 19. e4 d4 20. Nb5 e5 21. fxe5 d3
$132 {0-1 Rogozenko,D-Orsag,M/Germany 1997/(43)}) 16... Qc7 17. Ncb5 Qa5 18.
Nxc6 bxc6 19. Nxa7 Bd7 20. Nxc6 Bxc6 21. Qxc6 Rc8 22. Qb6 $16 {1-0 Akesson,
R-Wahlbom,M/Ronneby 1998/(61)}) 14. Rad1 {[%cal Yd1d5]} Bf8 (14... Bg6 15. Qa4
Ne5 16. Qb5 Nc4 17. Bf4 a6 18. Qxb7 Bd6 19. Nxd5 Rb8 20. Qxa6 $16 Nxd5 21. Bxd5
Bxf4 22. Bxc4 Qg5 23. Nf3 Qh5 24. gxf4 Qxh3 25. Qxg6 {1-0 Garza Marco,S-Vila,M/
Zaragoza 1993/(25)}) 15. Qa4 (15. Nf5 $6 Re5 $5) 15... Ne5 {[%cal Ye5c4]} (
15... Qd7 16. Nc2 {[%cal Yd1d5] /\Rd2,Rfd1}) (15... Nxd4 {Ftacnik} 16. Qxd4 $16
) 16. Bc1 $1 {[%cal Yd4f5,Yf5e3,Ye3d5] Ein starker Zug. Weiß bereitet damit
das Manöver Nf5-e3 vor. Ausgehend von der Bauernstruktur soll Weiß in dieser
Variante zwischen zwei aktiven Plänen, nämlich der Angriff Pd5 und die
Blockade auf d4 manövrieren.} Ned7 17. Nf5 Nb6 18. Qf4 $5 {[%cal Yf4d4][%mdl
2048] Scharf, aber notwendig. Weiß kontrolliert damit durch Figurenspiel die
wichtigen Punkte d4 bzw.d5.} (18. Qc2 Bg6 $15) (18. Qb3 Rc8 19. Ne3 (19. g4 Bg6
20. Ne3 d4) 19... Rxc3 $5 20. bxc3 Bxe2 $132) 18... Rc8 (18... Bxe2 19. Nxe2
Rxe2 20. Ne3 $16 {[%csl Ye2][%cal Ye3d5,Yd1d5,Yg2d5]}) 19. g4 $1 (19. Ne3 $2
Rxc3 $1) 19... Bg6 20. e4 $1 {[%cal Ye4d5] Ftacnik: 'White uses his central
build up for the unashamed attack on the key d5 pawn.'} (20. Ne3 $2 Bd6) 20...
Rc4 (20... Bxf5 $5 {Ftacnik} 21. Qxf5 (21. gxf5 Bd6 22. Qd2 Nc4) (21. exf5 Bd6
$132) 21... g6 22. Qf4 Rc4 23. Qg3 d4 24. Qd3 Nfd7 $13) 21. Qg3 {[%tqu "De",
"Der weiße Druck auf den Bauern d5 hat seinen Höhepunkt erreicht. Schwarz
verfügt über drei Möglichkeiten diesen Druck zu beseitigen, nämlich 21...Txc3,
21...Lxf5 und 21...d4. Welchen Zug halten Sie für den besten?","","","c4c3",
"Der Partiezug, der zum sicheren weißen Vorteil führt.",4,"g6f5","Dieser
Abtausch dient nicht dazu, den weißen Druck auf den Punkt d5 zu reduzieren.
Allerdings schwächt der Nachziehende die Königsposition. Dies ist nicht
empfehlenswert.",2,"d5d4","Der beste Zug, der zu kompliziertem Spiel mit
besseren Chancen für Weiß führt. Er entspricht am besten den aktiven
Anforderungen der schwarzen Stellung.",10]} Rxc3 {'?' Ftacnik.} (21... Bxf5 22.
gxf5 (22. exf5 {Ftacnik} Bb4 $132) 22... Bd6 23. Qd3 Nxe4 (23... d4 {Ftacnik}
24. Nb5 $14) 24. Nxe4 Rcxe4 25. Bxe4 Rxe4 26. Rfe1 $14) (21... d4 $5 22. e5 $5
{[%cal Yg2b7,Ye5f6]} (22. Rfe1 Bc5 {[%cal Yc5d4]}) 22... Bxf5 (22... Nh7 23.
Ne2) 23. gxf5 Nfd7 24. Ne4 Nxe5 (24... Rxe5 25. Bxh6) 25. Bxh6 $36) 22. Qxc3
Nxe4 23. Qf3 {[%cal Yf3f5]} (23. Qa5 Bxf5 24. gxf5 Qf6 $132) 23... Qc8 {
[%cal Yc8c2]} (23... Bc5 24. Be3 $16) 24. Be3 {[%cal Ye3b6,Yd1d5]} Nc4 $2 {
[%csl Yd5]} (24... Bc5 $142 25. Bxc5 Qxc5 26. Rfe1 $16) 25. Rxd5 $18 {Ftacnik:
'Black has lost his pride on d5 and with an exchange gone his survival chances
are very poor. '} Nxe3 (25... Nxb2 26. Bxa7 $18) 26. Qxe3 Bc5 27. Qf4 Ng5 28.
Rc1 Ne6 29. Qd2 1-0

[Event "RUS-Cup03 Geller Memorial"]
[Site "Moscow"]
[Date "1999.02.13"]
[Round "4"]
[White "Kiriakov, Petr"]
[Black "Potkin, Vladimir"]
[Result "1-0"]
[WhiteElo "2564"]
[BlackElo "2400"]
[Annotator "Bangiev,A"]
[PlyCount "81"]
[EventDate "1999.02.10"]
[EventType "swiss"]
[EventRounds "9"]
[EventCountry "RUS"]
[SourceTitle "CBM 070"]
[Source "ChessBase"]
[SourceDate "1999.06.08"]
[SourceVersion "1"]
[SourceVersionDate "1999.06.08"]
[SourceQuality "1"]

1. d4 {Ftacnik} d5 2. c4 e6 3. Nc3 c5 4. cxd5 exd5 5. Nf3 Nc6 6. g3 Nf6 7. Bg2
Be7 8. O-O O-O 9. dxc5 Bxc5 10. Bg5 d4 11. Bxf6 Qxf6 12. Nd5 Qd8 13. Nd2 Re8
14. Rc1 Bb6 15. Nc4 Bg4 16. Re1 Ba5 17. Nxa5 Qxa5 18. Qb3 {Ein seltener Zug.} (
18. b4 {Diese weiße Spielweise führt zur Vereinfachung der Stellung und
verspricht, wie die Praxis gezeigt hat, dem Weißen nicht viel. Z.B.} Nxb4 19.
Qxd4 Nxd5 20. Qxd5 Qxd5 21. Bxd5 Rad8 22. Bxb7 Rxe2 23. Rxe2 Bxe2 24. Rc7 Kf8
25. Be4 Rd4 26. f3 Bd3 27. Ba8 a6 28. Rc1 Bc4 {1/2-1/2 Miles,A-Konguveel,P/
Sakthi 1996/CBM 53 (28)}) 18... Be6 19. Qa3 {Die Pointe der weißen Idee. Der
Anziehende will damit den Verteidiger des Pd4 den Springer auf c6 vertreiben. 
(Der Basisbauer auf b7 wird nach der Öffnung der b-Linie angegriffen.)
Allerdings soll das schwarze Gegenspiel nicht unterschätzt werden.} Qxa3 20.
bxa3 Rac8 21. Kf1 Kf8 {Ftacnik: 'White chances to ply for win with doubling of
a pawns are very limited at best. Actually black should have a pleasant
position with fair chances. '} (21... Red8 {Ftacnik} 22. Rc5 Kf8 23. Rec1 Ne7
24. Nxe7 Kxe7 25. Bxb7 Rxc5 26. Rxc5 Bxa2 27. Be4 {1-0 Sunye Neto,J-Alonso,R/
Linares 1992/ (58)}) 22. Rc5 b6 {Dies ist wegen der Drohung 23.Rec1 erzwungen.}
23. Rcc1 $6 (23. Nxb6 axb6 24. Rxc6 Rxc6 25. Bxc6 Bh3+ 26. Kg1 Re5 $132) 23...
Bf5 $1 {[%cal Yf5d3,Yd4d3,Ye8e2]} (23... Bxd5 24. Bxd5 Ne7 25. Bb3 $14) 24.
Red1 {[%cal Yd1d4,Yc1c6] Der Anziehende überschätzt seine Stellung.} (24. Nxb6
axb6 25. Rxc6 Rxc6 26. Bxc6 Bh3+ 27. Kg1 (27. Bg2 Bxg2+ 28. Kxg2 Ra8 $11) 27...
Re5 $132) {[%tqu "De","Durch seine letzten Züge hat der Anziehende die
Initiative verloren. Schwarz kann jetzt zu einen aktiven Handlungen übergehen.
Wie?","Das Schlüsselfeld der schwarzen aktiven Strategie ist das Feld d3.","",
"c6e5","Ein aktiver Zug in der richtigen Richtung. Der Nachziehende geht damit
zum Gegenangriff über.",10]} 24... Ne5 $5 {[%cal Ye5d3,Yc8c1] '!' Ftacnik.} 25.
Nc7 (25. Rxc8 {Ftacnik} Rxc8 26. h3 (26. Rxd4 $4 Rc1+) (26. f4 Ng4) 26... d3
$15) 25... Red8 {[%cal Yd8d4,Yd4d3]} 26. h3 (26. Bb7 Rb8 27. Ba6 d3 $36 (27...
d3 {Ftacnik} 28. Rd2 $11)) 26... d3 $1 {Der Schlüsselzug der schwarzen
Strategie in dieser Variante.} 27. exd3 (27. Rc3 {Ftacnik} Rd4 28. g4 Rc4 $15)
27... Bxd3+ 28. Kg1 Be2 $15 29. Rxd8+ Rxd8 {[%cal Ye5d3,Ye5f3,Yd8d2][%mdl 4128]
Schwarz steht offenbar besser.} 30. f4 (30. Be4 {Ftacnik} Rd2 $15) 30... Nc4
31. Nb5 (31. Re1 {Ftacnik} Bd3 32. a4 Nb2 $15) 31... Rd2 {Ftacnik: 'The result
of the central operation is slightly favourable for black.'} (31... a6 {Ftacnik
} 32. Nc3 Bd3 33. Nd5 $11) 32. Nxa7 Rxa2 33. Nb5 (33. Bd5 {Ftacnik} Rxa3 34.
Nb5 Ra5 35. Nc3 Nd6 36. Bxf7 Kxf7 37. Nxe2 b5 $15) 33... Nxa3 34. Nc3 Rd2 35.
Ra1 $1 Nc4 36. Ra8+ Ke7 37. Ra7+ Ke6 38. g4 Ne3 39. f5+ Ke5 40. Re7+ Kf4 $4 (
40... Kd4 {Ftacnik} 41. Nxe2+ Rxe2 42. Bf3 Rc2 43. Rxf7 Ke5 44. Re7+ Kf4 45.
Bb7 $13) 41. Re4+ 1-0

[Event "DDR-ch32 Final"]
[Site "Cottbus"]
[Date "1983.02.06"]
[Round "1"]
[White "Knaak, Rainer"]
[Black "Espig, Lutz"]
[Result "1-0"]
[WhiteElo "2505"]
[BlackElo "2425"]
[Annotator "Belov,I"]
[PlyCount "87"]
[EventDate "1983.02.06"]
[EventType "tourn"]
[EventRounds "13"]
[EventCountry "DDR"]
[EventCategory "5"]
[SourceTitle "MCL"]
[Source "ChessBase"]
[SourceDate "1999.07.01"]
[SourceVersion "1"]
[SourceVersionDate "1999.07.01"]
[SourceQuality "1"]

1. d4 d5 2. c4 e6 3. Nc3 c5 4. cxd5 exd5 5. Nf3 Nc6 6. g3 Nf6 7. Bg2 Be7 8. O-O
O-O 9. dxc5 Bxc5 10. Bg5 d4 (10... Be6 11. Bxf6 Qxf6 12. Nxd5 Qxb2 13. Nc7 Rad8
14. Qc1 Qxc1 15. Raxc1 $14) 11. Bxf6 Qxf6 12. Nd5 Qd8 13. Nd2 Bh3 (13... Re8
14. Rc1 Bf8 15. Nf4 Bg4 16. Bf3 Bxf3 17. Nxf3 Bd6 $10 {Miles,A-Lautier,J/Biel/
1992/1:0/68/}) 14. Bxh3 Qxd5 15. Bg2 (15. Qb3 $5 Qh5 16. Qxb7 Ne5 17. Qe4 Rae8
18. Kg2 $16 {Ivanchuk,V-Marjanovic,S/Erevan/1989/1:0/41/}) 15... Qe6 16. Nb3 (
16. Rc1 Bb6 17. Nc4 Rfe8 18. Bf3 $16 {Cebalo,M-Marjanovic,S/JUG/1984/1/2-1/2/
39/}) 16... Bb6 17. a4 (17. Bxc6 Qxc6 18. Nxd4 Qf6 19. e3 Rfd8 $10) 17... Na5
$6 (17... a5 $142 18. Bxc6 Qxc6 (18... bxc6 19. Nxd4 Bxd4 20. Qxd4 Qxe2 21.
Rfe1 Qf3 22. Re3 $16) 19. Nxd4 Qf6 20. Nf3 $14) 18. Nc1 $1 a6 19. b4 Nc6 20.
Nd3 Rad8 21. Rb1 $1 $16 Rfe8 22. b5 Na5 $8 23. Nf4 Qd6 24. Qd3 Bc5 25. Rfc1 Ba3
(25... axb5 26. Rxb5 b6 27. Rcxc5 $18) 26. Rc2 Rc8 27. Rxc8 Rxc8 28. Bd5 $1
Rc1+ (28... Bc5 29. Bxf7+ $1 Kh8 30. Rc1 $18) 29. Rxc1 Bxc1 30. Qxd4 Bxf4 $6 (
30... Ba3 $142) 31. Qxf4 $1 Qxf4 32. gxf4 $18 axb5 33. axb5 b6 34. e4 Kf8 35.
Kg2 Ke7 36. Kg3 f5 (36... f6 37. Kg4 Kd6 38. Bg8 $18) 37. e5 h6 38. Kf3 Kd7 39.
Ke3 Ke7 40. Kd4 Kd7 41. h4 h5 (41... Ke7 42. h5 $1 Kd7 43. e6+ Kd6 44. e7 Kxe7
45. Ke5 Kf8 46. Kxf5 Ke7 47. Kg6 Kf8 48. Kh7 $18) 42. Bf7 Nb7 43. Kd5 Nc5 44.
Bg6 $1 (44. Bxh5 Ne6 $132) 1-0

[Event "Bugojno"]
[Site "Bugojno"]
[Date "1978.03.01"]
[Round "4"]
[White "Larsen, Bent"]
[Black "Gligoric, Svetozar"]
[Result "0-1"]
[WhiteElo "2620"]
[BlackElo "2565"]
[Annotator "Bulletin"]
[PlyCount "122"]
[EventDate "1978.02.27"]
[EventType "tourn"]
[EventRounds "15"]
[EventCountry "YUG"]
[EventCategory "14"]
[SourceTitle "MCL"]
[Source "ChessBase"]
[SourceDate "1999.07.01"]
[SourceVersion "1"]
[SourceVersionDate "1999.07.01"]
[SourceQuality "1"]

1. c4 Nf6 2. Nc3 c5 3. Nf3 e6 4. g3 Nc6 5. Bg2 d5 6. cxd5 exd5 7. d4 Be7 8. O-O
O-O 9. b3 Ne4 10. Bb2 Bf6 11. Na4 Re8 (11... cxd4 12. Nxd4 Bd7 13. Rc1 Re8 14.
Nc5 Nxd4 15. Bxd4 Bb5 $10 {Espig-Novak, Stary Smokovec 1971-2}) 12. Rc1 cxd4
13. Nxd4 Bxd4 14. Bxd4 Bf5 15. e3 Qe7 (15... Qd7 16. Bb2 Qe6 17. Nc5 Nxc5 18.
Rxc5 Be4 19. Qh5 $14 {Uhlmann-Spassky, Siegen 1970}) 16. Bb2 Rad8 17. Re1 h6
18. f3 Ng5 19. Nc5 Ne6 20. Nd3 Nb4 21. Nxb4 Qxb4 22. Re2 Qb6 23. Qd2 Qa6 24.
Ba1 Qb6 25. Ree1 f6 {/\..Nc5,Nd3} 26. Bc3 Qb5 27. Ba5 $1 b6 28. Bc3 Qa6 29.
Red1 Qb7 30. Bb2 Qe7 31. h4 h5 (31... Nc5) 32. Kf2 Bg6 33. Bf1 Bf7 34. Bb5 $14
Rf8 35. Bd3 $6 (35. Bc6) 35... Rc8 36. Bb1 Rxc1 37. Qxc1 Rd8 38. Ba3 Nc5 39. b4
(39. Qc2 Qe6 $5) 39... Ne6 40. Qc3 Qe8 41. Qd3 Nf8 42. b5 Bg6 43. e4 $5 Kh7 (
43... Ne6 44. Qb3 $1) 44. Bxf8 Qxf8 45. Qd4 Qa3 {/\dxe4=} 46. Qe3 Qb2+ 47. Qe2
Qb4 48. Qd3 Qb2+ (48... d4 $2 49. Bc2 $14) 49. Qe2 (49. Rd2 dxe4 $1 50. Qxd8
Qxb1) 49... Qb4 $1 50. Kg2 $2 (50. Qd3 $10) 50... Re8 $1 51. Kh2 dxe4 52. fxe4
Re5 $19 53. Bd3 f5 $1 54. Qe3 fxe4 55. Be2 Qc5 56. Rd4 Rd5 57. Rxe4 Bxe4 58.
Qxe4+ g6 59. Bf3 Re5 60. Qa4 Qf2+ 61. Bg2 Qf7 0-1

[Event "Bugojno"]
[Site "Bugojno"]
[Date "1978.03.06"]
[Round "8"]
[White "Timman, Jan H"]
[Black "Gligoric, Svetozar"]
[Result "1/2-1/2"]
[WhiteElo "2585"]
[BlackElo "2565"]
[Annotator "Bulletin"]
[PlyCount "86"]
[EventDate "1978.02.27"]
[EventType "tourn"]
[EventRounds "15"]
[EventCountry "YUG"]
[EventCategory "14"]
[SourceTitle "MCL"]
[Source "ChessBase"]
[SourceDate "1999.07.01"]
[SourceVersion "1"]
[SourceVersionDate "1999.07.01"]
[SourceQuality "1"]

1. d4 d5 2. c4 e6 3. Nc3 c5 4. cxd5 exd5 5. Nf3 Nc6 6. g3 Nf6 7. Bg2 Be7 8. O-O
O-O 9. dxc5 Bxc5 10. Bg5 d4 11. Bxf6 Qxf6 12. Nd5 Qd8 13. Nd2 Re8 (13... Bg4
14. Nb3 Bb6 15. Re1 Re8 16. Nxb6 Qxb6 17. Bxc6 bxc6 18. Qxd4 Rxe2 19. Rxe2 Bxe2
20. Qe4 Bh5 21. Rc1 $14 {Timman-Hernandez, Las Palmas 1977}) 14. Rc1 Bf8 (14...
Bd6 15. Nb3 Be5 16. Nc5 Rb8 17. Qa4 Bd6 18. Rfe1 $16 {Timman-Ivkov, Genf 1977})
15. Nb3 Bg4 16. Re1 Re5 $1 17. Nf4 Bb4 18. Nd2 (18. Rf1 g5 $1 19. Nd3 Bxe2 $1
$19) 18... d3 $5 19. Nxd3 Bxe2 (19... Rxe2 $6) 20. Rxe2 Qxd3 21. Be4 (21. Rxe5
Nxe5 $10) 21... Qd4 22. Rc4 $5 (22. Nf3 $10) 22... Qd6 23. Bxc6 Rxe2 24. Qxe2
Bxd2 $1 (24... bxc6 $6 25. Ne4 Qe7 26. a3 $16) 25. Bxb7 Rd8 26. Re4 g6 27. Ba6
Bg5 {/\..Qd1+, ..QxQ} 28. Bc4 (28. Kg2 Bf6 {/\Qd2}) 28... Qd1+ 29. Kg2 Qxe2 30.
Rxe2 Rd2 31. Rxd2 Bxd2 32. Kf3 Bc1 33. b3 Ba3 34. Ke4 Kf8 35. Kd5 Ke7 36. Kc6
g5 37. g4 h6 38. f3 a5 39. Kb5 Bb4 40. a3 Bxa3 41. Kxa5 f6 42. b4 Kd6 43. b5
Bc5 1/2-1/2

[Event "Lugano Open-10"]
[Site "Lugano"]
[Date "1985.03.??"]
[Round "9"]
[White "Sosonko, Gennadi"]
[Black "Salazar Jacob, Hernan"]
[Result "1-0"]
[WhiteElo "2535"]
[BlackElo "2410"]
[Annotator "Bulletin"]
[PlyCount "75"]
[EventDate "1985.03.??"]
[EventType "swiss"]
[EventRounds "9"]
[EventCountry "SUI"]
[SourceTitle "EXT 2000"]
[Source "ChessBase"]
[SourceDate "1999.11.16"]
[SourceVersion "1"]
[SourceVersionDate "1999.11.16"]
[SourceQuality "1"]

1. d4 d5 2. Nf3 c5 3. c4 (3. g3 cxd4 4. Bg2 Qa5+ $15 5. Kf1) 3... e6 4. cxd5
exd5 5. g3 Nf6 (5... Nc6 6. Bg2 Nf6 7. O-O Be7 8. Be3 c4 9. Ne5 $1 $14) 6. Bg2
Be7 7. O-O O-O 8. Nc3 Nc6 9. Bg5 cxd4 10. Nxd4 Re8 (10... h6 11. Be3 Re8 12.
Qb3) 11. Rc1 (11. Qa4 Bd7 12. Rfd1 h6 13. Bxf6 Bxf6 14. Ndb5 d4 $10 {
Polugajevsky,L-Chandler,M/London/1984/}) (11. Nxc6 bxc6 12. Qa4 Bd7 13. e3 h6
14. Bxf6 Bxf6 15. Rac1 Qe7 $10 {Panno-Salazar/Asuncion/1985/}) 11... h6 12. Be3
(12. Bxf6 Bxf6 13. Nxc6 bxc6 14. Na4 Ba6 $15 {Kouatly-Salazar/Belgrade/1985/})
12... Bf8 $6 (12... Bg4) 13. Nxc6 bxc6 14. Na4 Qa5 (14... Bd7 15. Nc5 $16 {
Ljubojevic,L-Gligoric,S/Bugojno/1978/}) 15. Rxc6 $3 Bd7 16. Bd2 $1 Qb5 (16...
Bb4 17. Rc5) 17. Rxf6 Qxa4 (17... gxf6 18. Nc3 Qxb2 19. Nxd5 Bg7 20. Nc3 $18)
18. Qxa4 Bxa4 19. Rf4 Bc6 (19... Rxe2 20. Bxd5 $18) 20. Be3 Bd6 21. Rg4 $1 h5
22. Rh4 (22. Rg5 Re5) 22... g6 23. Rc1 Rac8 24. b3 a5 25. Rd4 Ba8 26. Rdd1 Rxc1
27. Rxc1 $18 Kh7 28. Rc2 Be5 $2 29. Bb6 a4 30. bxa4 Bb7 31. a5 Re7 32. e3 Re6
33. h4 f6 34. Rc5 Bd6 35. Rb5 Ba6 36. Rxd5 Bc4 37. Rd4 Bxa2 38. a6 1-0

[Event "Bugojno"]
[Site "Bugojno"]
[Date "1978.03.13"]
[Round "13"]
[White "Ljubojevic, Ljubomir"]
[Black "Gligoric, Svetozar"]
[Result "1-0"]
[WhiteElo "2605"]
[BlackElo "2565"]
[Annotator "Bulletin"]
[PlyCount "109"]
[EventDate "1978.02.27"]
[EventType "tourn"]
[EventRounds "15"]
[EventCountry "YUG"]
[EventCategory "14"]
[SourceTitle "MCL"]
[Source "ChessBase"]
[SourceDate "1999.07.01"]
[SourceVersion "1"]
[SourceVersionDate "1999.07.01"]
[SourceQuality "1"]

1. d4 d5 2. c4 e6 3. Nc3 c5 4. cxd5 exd5 5. Nf3 Nc6 6. g3 Nf6 7. Bg2 Be7 8. O-O
O-O 9. Bg5 cxd4 10. Nxd4 h6 11. Be3 Re8 12. Rc1 Bf8 (12... Na5 $5) (12... Be6 {
Gligoric-Zaitsev, Busum 1969} 13. Nxe6 $16) 13. Nxc6 bxc6 14. Na4 Bd7 15. Bc5
Bxc5 (15... Ne4 16. Bxf8 Kxf8 17. Re1 $14 {Tukmakov-Balashov, USSR-ch 1972})
16. Nxc5 Bg4 17. Re1 Qb6 18. Qc2 Rad8 19. h3 Bc8 20. b3 $14 Qb8 21. e3 Re7 22.
Red1 Rde8 23. Rd4 Nh7 24. Qd2 Ng5 25. h4 Ne6 26. Nxe6 Rxe6 27. Qb4 Qb6 28. Qc5
$16 Rf6 29. Ra4 Qxc5 30. Rxc5 a6 31. Bf1 Kf8 32. Bxa6 d4 $5 33. exd4 Re1+ 34.
Kg2 Be6 (34... Bxa6 35. Rxa6 Re2 36. Ra8+ Ke7 37. Re5+) 35. Bc4 $1 Bxc4 36.
Ra8+ Ke7 37. bxc4 Rd1 38. Re5+ Re6 39. Ra7+ Kf6 40. Re3 $1 Rxd4 41. Rf3+ Ke5
42. Raxf7 g6 43. Re3+ Re4 44. Kf3 Rxe3+ 45. Kxe3 Re8 46. a4 h5 47. a5 Ra8 48.
Re7+ Kf5 49. Rc7 Rxa5 50. Rxc6 Ra3+ 51. Kd4 Rf3 52. Rc8 Ke6 53. Re8+ Kd6 54.
c5+ Kd7 55. Rg8 1-0

[Event "Berga op"]
[Site "Berga"]
[Date "1993.??.??"]
[Round "3"]
[White "Suba, Mihai"]
[Black "Shevelev, Arkady"]
[Result "1-0"]
[WhiteElo "2500"]
[BlackElo "2325"]
[Annotator "Bulletin"]
[PlyCount "61"]
[EventDate "1993.08.??"]
[EventType "swiss"]
[EventRounds "9"]
[EventCountry "NED"]
[SourceTitle "CBM 038"]
[Source "ChessBase"]
[SourceDate "1994.02.01"]
[SourceVersion "1"]
[SourceVersionDate "1994.02.01"]
[SourceQuality "1"]

1. Nf3 d5 2. c4 e6 3. g3 c5 4. cxd5 exd5 5. d4 Nc6 6. Bg2 Nf6 7. O-O Be7 8. Nc3
O-O 9. Bg5 cxd4 10. Nxd4 h6 11. Be3 Re8 12. Qa4 Bd7 13. Rac1 $5 (13. Rad1 Nb4
14. Qb3 a5 $1 $132) 13... Bf8 14. Nxd5 Nxd5 15. Bxd5 Na5 (15... Nb4 16. Qb3 (
16. Bxf7+ Kxf7 17. Qb3+ Kg6 $17)) 16. Nb5 $5 (16. Qd1 Bh3 17. Bg2 Bxg2 18. Kxg2
Nc4 $132) 16... a6 $2 (16... Re7 17. Bd2 (17. b4) 17... Bh3 18. Bg2 (18. Nc7 $5
) 18... Qxd2 (18... Bxg2 19. Bxa5 Qd5 20. Rfd1 $18) 19. Bxh3 Rxe2) 17. Qf4 Bxb5
18. Qxf7+ Kh7 19. Qg8+ Kg6 20. Bf7+ Kf6 21. Rfd1 $1 Be7 (21... Rxe3 22. Rxd8
Rxd8 23. fxe3 Be7 24. Rf1+) 22. Bxe8 Qxe8 23. Bd4+ Kf5 24. e4+ $1 Kg4 25. Qe6+
Kh5 26. Qh3+ Bh4 27. Qxh4+ Kg6 28. Qg4+ Kf7 29. Qxg7+ Ke6 30. Qf6+ Kd7 31. Be3+
1-0

[Event "British CF-71 Championship"]
[Site "Brighton/ East Sussex"]
[Date "1984.08.04"]
[Round "6"]
[White "Strauss, David J"]
[Black "King, Daniel J"]
[Result "1-0"]
[WhiteElo "2410"]
[BlackElo "2435"]
[Annotator "Bulletin"]
[PlyCount "52"]
[EventDate "1984.07.30"]
[EventType "swiss"]
[EventRounds "11"]
[EventCountry "GBR"]
[SourceTitle "EXT 1999"]
[Source "ChessBase"]
[SourceDate "1998.11.16"]
[SourceVersion "1"]
[SourceVersionDate "1998.11.16"]
[SourceQuality "1"]

1. Nf3 d5 2. d4 c5 3. c4 e6 4. cxd5 exd5 5. g3 Nc6 6. Bg2 Nf6 7. O-O Be7 8. Nc3
O-O 9. Bg5 cxd4 10. Nxd4 h6 11. Be3 Re8 12. Rc1 Bf8 13. Nxc6 bxc6 14. Na4 $1
$146 Qa5 $2 15. Rxc6 Bd7 16. Bd2 Qb5 17. Rxf6 $1 gxf6 18. Nc3 Qxb2 19. Nxd5
Rac8 20. Bc3 Rxc3 21. Nxf6+ Kh8 22. Qxd7 Re7 23. Qf5 Kg7 24. Nh5+ Kg8 25. Qg4+
Kh8 26. Nf6 Bg7 (26... Bg7 27. Qf5 $18) 1-0